000 00368nam a22001697a 4500
003 MPLRDC
005 20220104163825.0
008 210129b ||||| |||| 00| 0 eng d
020 _a426-14488-0
082 _a870.57 NOR
100 _aJOHN NORMAN
245 _aNOMADS OF GOR
_c
260 _a
_bTANDEM
_c
300 _b
650 _a
942 _cBK
_o870.57 NOR
999 _c56657
_d56647